000 00390nam a22001697a 4500
003 MPLRDC
005 20220104114208.0
008 210129b ||||| |||| 00| 0 eng d
082 _a782.29 YM
100 _a不详
245 _a中国名人传
_c
260 _a
_b辅新书局
_c1989
300 _b
490 _a名人传记丛书
650 _a中国传记
942 _cBK
_o782.29 YM
999 _c5575
_d5565